OPAC Home

අසිරිමත් ගමක්/ මහාඅස්සපුර සුත්‍රය (Record no. 143531)

MARC details
000 -LEADER
fixed length control field 00603nam a2200181 4500
003 - CONTROL NUMBER IDENTIFIER
control field LK-CoDNM
005 - DATE AND TIME OF LATEST TRANSACTION
control field 20231122111741.0
008 - FIXED-LENGTH DATA ELEMENTS--GENERAL INFORMATION
fixed length control field 231122b |||||||| |||| 00| 0 eng d
020 ## - INTERNATIONAL STANDARD BOOK NUMBER
International Standard Book Number 9786249621008
040 ## - CATALOGING SOURCE
Original cataloging agency LK-CoDNM
Modifying agency LK-CoDNM
Description conventions LK-CoDNM
041 ## - LANGUAGE CODE
Language code of text/sound track or separate title Sinhala; Sinhalese
080 ## - UNIVERSAL DECIMAL CLASSIFICATION NUMBER
Universal Decimal Classification number 294.3
Item number ආනන්
942 ## - ADDED ENTRY ELEMENTS (KOHA)
Suppress in OPAC 0
Koha item type Books
100 ## - MAIN ENTRY--PERSONAL NAME
Personal name ආනන්ද හිමි,කෝන්ගස්තැන්නේ
Personal name (Transliterated) Anandha Thero, Kongasthanne
245 ## - TITLE STATEMENT
Title අසිරිමත් ගමක්/ මහාඅස්සපුර සුත්‍රය
260 ## - PUBLICATION, DISTRIBUTION, ETC. (IMPRINT)
Place of publication, distribution, etc. No place
Name of publisher, distributor, etc. Kaththruu
Date of publication, distribution, etc. 2021
300 ## - PHYSICAL DESCRIPTION
Extent 48p.21cm
Holdings
Withdrawn status Lost status Damaged status Not for loan Permanent Location Current Location Date acquired Full call number Barcode Koha item type
        Library National Museum Colombo - Sri Lanka Library National Museum Colombo - Sri Lanka 2023-11-22 294.3 ආනන් p44999 Books
Copyright © 2023 Department of National Museum, Colombo 07, Sri Lanka Funded by UNESCO IFAP UNESCO